Symbolism of Flowers - Statistics

General Stats
  • This quiz has been taken 26 times
  • The average score is 3 of 36
Answer Stats
Flower Meaning % Correct
Rose Love
100%
Statice Remembrance
13%
Orchid Exotic Beauty
9%
Tulip Fame and Perfect Love
9%
Heather Admiration, Solitude and Beauty
4%
Sunflower Adoration and Dedication
4%
Peony Bashfulness and Compassion
4%
Delphinium Big-heartedness, Fun, Lightness and Levity
4%
Protea Change and Transformation
4%
Gerbera Cheerfulness
4%
Queen Anne's Lace Complexity and Delicateness
4%
Sweet Pea Delicate Pleasure and Bliss
4%
Iris Eloquence
4%
Bouvardia Enthusiasm
4%
Anemone Fading Hope
4%
Chrysanthemum Fidelity, Optimism, Joy and Long Life
4%
Snapdragon Graciousness and Strength
4%
Hydrangea Heartfelt Emotions
4%
Anthurium Hospitality
4%
Daisy Innocence and Purity
4%
Freesia Innocence and Thoughtfulness
4%
Bird of Paradise Joyfulness
4%
Stock Lasting Beauty
4%
Larkspur Levity and Lightness
4%
Calla Lily Magnificence and Beauty
4%
Aster Patience
4%
Hyacinth Playfulness
4%
Carnation Pride and Beauty
4%
Lily Purity and Refined Beauty
4%
Gardenia Purity and Sweetness
4%
Ranunculus Radiant Charm
4%
Daffodil Regard and Chivalry
4%
Amaryllis Splendid Beauty
4%
Gladiolus Strength of Character, Faithfulness and Honor
4%
Alstroemeria Wealth, Prosperity and Fortune
4%
Lilac Youthful Innocence and Confidence
4%
No matching quizzes found
Score Distribution
Percent of People with Each Score
Percentile by Number Answered
Your Score History
You have not taken this quiz